000 00329nam a2200133Ia 4500
008 231129s1981||||xx |||||||||||||| ||spa||
040 _bspa
082 _a799.11861 M385p
100 _aMartinez Martinez Alfonso
245 0 _aPeces deportivos de Colombia : agua dulce
260 _c1981
264 _aAndes
942 _2ddc
_cBKS
999 _c22508
_d22508